[Event "Santa Rosa Villarreal Memorial 29th"]
[Site "Santa Rosa"]
[Date "2023.12.09"]
[Round "3"]
[White "Conde, Adrian"]
[Black "Lugones, Lautaro"]
[Result "0-1"]
[WhiteElo "1972"]
[BlackElo "2093"]
[PlyCount "120"]
[EventDate "2023.12.08"]
[EventType "swiss"]
[EventRounds "7"]
[EventCountry "ARG"]
[SourceTitle "CB51_2023"]
[SourceDate "2023.12.20"]
[SourceVersion "1"]
[SourceVersionDate "2023.12.20"]
[SourceQuality "1"]

1. e4 c6 2. d4 d5 3. exd5 cxd5 4. c4 Nf6 5. Nc3 g6 6. Nf3 Bg7 7. Be2 0-0 8. 0-0 Nc6 9. h3 Bf5 10. Be3 dxc4 11. Bxc4 Rc8 12. a3 Ne4 13. Qe2 Nxc3 14. bxc3 Na5 15. Bd3 Bxd3 16. Qxd3 Qd5 17. Rab1 a6 18. Nd2 Rc6 19. c4 Nxc4 20. Nxc4 Rxc4 21. Rxb7 e5 22. Rd7 Qxd7 23. Qxc4 exd4 24. Rd1 Qb5 25. Rxd4 Bxd4 26. Qxd4 Re8 27. Bd2 Qe5 28. Qd3 Qe2 29. Qd4 Qe4 30. Qd6 Qb1+ 31. Kh2 Qb8 32. Qxb8 Rxb8 33. Bb4 f5 34. Kg3 Kf7 35. Kf4 Ke6 36. g4 fxg4 37. hxg4 Rb5 38. f3 h5 39. Kg3 a5 40. Bd2 a4 41. Bh6 Rb3 42. Bf8 Kd5 43. Be7 Kc4 44. gxh5 gxh5 45. Kf2 Rb7 46. Bd6 h4 47. f4 Rb3 48. Kg2 Kd4 49. f5 Kd5 50. Be7 h3+ 51. Kh2 Rf3 52. f6 Ke6 53. Kg1 Rxf6 54. Bxf6 Kxf6 55. Kh2 Ke5 56. Kxh3 Kd4 57. Kg3 Kc3 58. Kf3 Kb3 59. Ke3 Kxa3 60. Kd2 Kb2 0-1

[Event "Santa Rosa Villarreal Memorial 29th"]
[Site "Santa Rosa"]
[Date "2023.12.09"]
[Round "4"]
[White "Lugones, Lautaro"]
[Black "Llanos, Joaquin"]
[Result "0-1"]
[WhiteElo "2093"]
[BlackElo "1979"]
[PlyCount "70"]
[EventDate "2023.12.08"]
[EventType "swiss"]
[EventRounds "7"]
[EventCountry "ARG"]
[SourceTitle "CB51_2023"]
[SourceDate "2023.12.20"]
[SourceVersion "1"]
[SourceVersionDate "2023.12.20"]
[SourceQuality "1"]

1. Nf3 Nf6 2. b3 e6 3. Bb2 b6 4. c4 Bb7 5. e3 Be7 6. Nc3 d5 7. cxd5 exd5 8. d4 0-0 9. Be2 Nbd7 10. 0-0 c5 11. Rc1 Rc8 12. dxc5 bxc5 13. Qd3 Nb6 14. Rfd1 Qc7 15. Qf5 a6 16. Bd3 Qd7 17. Qxd7 Nfxd7 18. Bf5 Rc7 19. a4 d4 20. exd4 Bxf3 21. gxf3 cxd4 22. Ne4 Rxc1 23. Rxc1 Ne5 24. Kg2 g6 25. Bh3 Nd5 26. Bxd4 Nf4+ 27. Kf1 Nxf3 28. Bf6 Nxh2+ 29. Ke1 Bxf6 30. Nxf6+ Kg7 31. Rc6 Nxh3 32. a5 Nf3+ 33. Kf1 Nf4 34. Ng4 Rd8 35. Ne3 Rd3 0-1

[Event "ARG-ch sf 94th"]
[Site "Buenos Aires"]
[Date "2019.04.03"]
[Round "5"]
[White "Beroiz, Julian"]
[Black "Lugones, Lautaro"]
[Result "1-0"]
[WhiteElo "2127"]
[BlackElo "2013"]
[PlyCount "71"]
[EventDate "2019.03.30"]
[EventType "swiss"]
[EventRounds "9"]
[EventCountry "ARG"]
[SourceTitle "CBM 189 Extra"]
[Source "ChessBase"]
[SourceDate "2019.06.03"]
[SourceVersion "1"]
[SourceVersionDate "2019.06.03"]
[SourceQuality "1"]

1. e4 c6 2. c4 d5 3. exd5 cxd5 4. cxd5 Nf6 5. Nc3 Nxd5 6. Nf3 e6 7. d4 Bb4 8. Bd2 Nc6 9. Bb5 0-0 10. 0-0 Be7 11. Bxc6 bxc6 12. Na4 Ba6 13. Re1 Nb4 14. Bxb4 Bxb4 15. Re3 Bc4 16. Rc1 Bd5 17. Nc5 Qe7 18. Ne5 Rfd8 19. Qh5 f6 20. Ng4 Bd2 21. Rh3 Bxc1 22. Qxh7+ Kf7 23. Qh5+ Kg8 24. Nd3 Be4 25. Qh8+ Kf7 26. Nde5+ fxe5 27. Nxe5+ Kf6 28. Qh4+ Bg5 29. Qxe4 Qe8 30. Rf3+ Ke7 31. Nxc6+ Kd7 32. Ne5+ Ke7 33. Qb7+ Rd7 34. Nc6+ Kd6 35. Qb4+ Kxc6 36. Rc3+ 1-0

[Event "Cordoba IRT 1st"]
[Site "Cordoba"]
[Date "2018.08.19"]
[Round "2.1"]
[White "Trucco, Fabio"]
[Black "Lugones, Lautaro"]
[Result "1-0"]
[WhiteElo "2149"]
[BlackElo "2018"]
[PlyCount "80"]
[EventDate "2018.08.19"]
[EventType "swiss"]
[EventRounds "5"]
[EventCountry "ARG"]
[SourceTitle "EXT 2024"]
[Source "ChessBase"]
[SourceDate "2023.10.10"]
[SourceVersion "1"]
[SourceVersionDate "2023.10.10"]
[SourceQuality "1"]

1. e4 c6 2. d4 d5 3. e5 c5 4. dxc5 e6 5. Be3 Nh6 6. Bxh6 gxh6 7. Nd2 Bxc5 8. Nb3 Bb6 9. Qd2 Nc6 10. Nf3 Qc7 11. Bb5 Bd7 12. Bxc6 bxc6 13. a4 a5 14. Qxh6 0-0-0 15. c3 c5 16. Qf4 Bc6 17. 0-0 Rhg8 18. g3 Rg6 19. Rfe1 Rdg8 20. h3 Qb7 21. Rac1 f6 22. exf6 Bc7 23. Ne5 Qxb3 24. f7 Rf8 25. Nxg6 Bxf4 26. Nxf8 Bd6 27. Rxe6 Bxf8 28. Rce1 Bg7 29. Rxc6+ Kd7 30. Ree6 d4 31. Rcd6+ Kc7 32. cxd4 cxd4 33. Rc6+ Kb7 34. Rcd6 Kc7 35. Rc6+ Kb7 36. Rcd6 d3 37. Re7+ Kc8 38. Rde6 Qd5 39. Ra7 d2 40. Re8+ Qd8 1-0

[Event "ARG-ch Amateur U2000"]
[Site "Termas de Rio Hondo"]
[Date "2017.11.17"]
[Round "2.8"]
[White "Lugones, Lautaro"]
[Black "Besso, Javier Alejandro"]
[Result "1-0"]
[WhiteElo "1971"]
[BlackElo "1844"]
[PlyCount "53"]
[EventDate "2017.11.17"]
[EventType "swiss"]
[EventRounds "9"]
[EventCountry "ARG"]
[SourceTitle "EXT 2024"]
[Source "ChessBase"]
[SourceDate "2023.10.10"]
[SourceVersion "1"]
[SourceVersionDate "2023.10.10"]
[SourceQuality "1"]

1. c4 e5 2. Nc3 Nf6 3. g3 d5 4. cxd5 Nxd5 5. Bg2 Nb6 6. d3 Nc6 7. Nf3 Be7 8. Be3 0-0 9. 0-0 Kh8 10. Rc1 f5 11. a3 f4 12. Bd2 Be6 13. Ne4 Nd7 14. b4 fxg3 15. fxg3 Nd4 16. Nfg5 Bb3 17. Qe1 Nf6 18. Nc5 Bxc5 19. Rxc5 c6 20. Rxe5 h6 21. Ne4 Nf3+ 22. exf3 Qd4+ 23. Nf2 Rfe8 24. Bc3 Qb6 25. Rxe8+ Rxe8 26. Qd2 Nd5 27. Qxh6+ 1-0

[Event "Lizarraga Memorial op"]
[Site "Argentina"]
[Date "2017.07.09"]
[Round "3.7"]
[White "Villa, Paulo Gabriel"]
[Black "Lugones, Lautaro"]
[Result "1-0"]
[WhiteElo "1636"]
[BlackElo "1964"]
[PlyCount "107"]
[EventDate "2017.07.08"]
[EventType "swiss"]
[EventRounds "6"]
[EventCountry "ARG"]
[SourceTitle "EXT 2024"]
[Source "ChessBase"]
[SourceDate "2023.10.10"]
[SourceVersion "1"]
[SourceVersionDate "2023.10.10"]
[SourceQuality "1"]

1. d4 Nf6 2. Nf3 e6 3. Bf4 c5 4. e3 Qb6 5. Nc3 Nc6 6. a3 Nh5 7. Bg3 Nxg3 8. hxg3 d5 9. Bd3 Be7 10. Kf1 Bf6 11. Na4 Qc7 12. Nxc5 e5 13. dxe5 Nxe5 14. Bb5+ Kf8 15. Qxd5 Nxf3 16. gxf3 Bxb2 17. Rd1 g6 18. Rh4 Kg7 19. Rf4 Bh3+ 20. Ke2 Be5 21. Rc4 Rhd8 22. Nd7 Be6 23. Qxe5+ Qxe5 24. Nxe5 Bxc4+ 25. Bxc4 Rxd1 26. Kxd1 f6 27. Nd3 h5 28. a4 g5 29. Nc5 Rc8 30. Ne6+ Kg6 31. Bd3+ Kf7 32. Nd4 h4 33. Ke1 hxg3 34. fxg3 a6 35. f4 gxf4 36. gxf4 Rc3 37. Ke2 Ra3 38. Bc4+ Ke7 39. Bb3 Ra1 40. e4 Rh1 41. Kd3 Kd7 42. e5 fxe5 43. fxe5 Rf1 44. Ke4 Re1+ 45. Kd5 Rd1 46. c4 Rf1 47. Bc2 Rf2 48. e6+ Ke7 49. Nf5+ Kf6 50. e7 Rd2+ 51. Kc5 Kf7 52. Be4 Re2 53. Bd5+ Ke8 54. Kd6 1-0

[Event "La Pampa Centro de la Republica "]
[Site "La Pampa"]
[Date "2015.10.12"]
[Round "6.1"]
[White "Lugones, Lautaro"]
[Black "Saitua, Guillermo Alberto"]
[Result "1/2-1/2"]
[WhiteElo "1958"]
[BlackElo "1981"]
[PlyCount "73"]
[EventDate "2015.10.09"]
[EventType "team-swiss"]
[EventRounds "6"]
[EventCountry "ARG"]
[SourceTitle "CBM 168 Extra"]
[Source "ChessBase"]
[SourceDate "2015.10.29"]
[SourceVersion "1"]
[SourceVersionDate "2015.10.29"]
[SourceQuality "1"]
[WhiteTeam "Pancho Freites"]
[BlackTeam "Elece Creaciones Masculinas"]
[WhiteTeamCountry "ARG"]
[BlackTeamCountry "ARG"]

1. c4 Nf6 2. Nc3 g6 3. g3 Bg7 4. Bg2 0-0 5. Nf3 c6 6. 0-0 d5 7. cxd5 cxd5 8. d4 Ne4 9. Qb3 Nxc3 10. bxc3 Nc6 11. Nd2 e6 12. Ba3 Re8 13. e3 Na5 14. Qb2 Rb8 15. c4 dxc4 16. Rfc1 b5 17. Nxc4 b4 18. Nxa5 Qxa5 19. Rab1 Bf8 20. Rc4 Ba6 21. Bxb4 Bxb4 22. Rxb4 Rxb4 23. Qxb4 Qxa2 24. Rc1 Kg7 25. d5 Rc8 26. Qd4+ Kh6 27. Qf4+ Kg7 28. Qe5+ Kh6 29. Ra1 Qd2 30. Rxa6 Rc1+ 31. Bf1 Qe2 32. Qf4+ Kg7 33. Qe5+ Kh6 34. Qf4+ Kg7 35. Qe5+ Kh6 36. Qf4+ Kg7 37. Qe5+ 1/2-1/2

[Event "La Pampa Centro de la Republica "]
[Site "La Pampa"]
[Date "2015.10.10"]
[Round "2.1"]
[White "Lugones, Lautaro"]
[Black "Pesce, Carlos"]
[Result "1-0"]
[WhiteElo "1958"]
[BlackElo "1950"]
[PlyCount "45"]
[EventDate "2015.10.09"]
[EventType "team-swiss"]
[EventRounds "6"]
[EventCountry "ARG"]
[SourceTitle "CBM 168 Extra"]
[Source "ChessBase"]
[SourceDate "2015.10.29"]
[SourceVersion "1"]
[SourceVersionDate "2015.10.29"]
[SourceQuality "1"]
[WhiteTeam "Pancho Freites"]
[BlackTeam "Neuquen"]
[WhiteTeamCountry "ARG"]
[BlackTeamCountry "ARG"]

1. c4 f5 2. Nc3 Nf6 3. g3 e6 4. Bg2 d5 5. cxd5 exd5 6. Nf3 c6 7. d3 Bc5 8. 0-0 0-0 9. Qb3 Kh8 10. e4 dxe4 11. dxe4 Qb6 12. e5 Ne4 13. Nxe4 fxe4 14. Ng5 Bxf2+ 15. Kh1 Qxb3 16. axb3 Bc5 17. Be3 Be7 18. Bxe4 h6 19. Rxf8+ Bxf8 20. Rf1 Bb4 21. Bd2 Be7 22. Rf7 hxg5 23. Rxe7 1-0

[Event "Las Varillas Cup Municipalidad"]
[Site "Las Varillas"]
[Date "2015.08.16"]
[Round "5.5"]
[White "Lugones, Lautaro"]
[Black "Sponton, Esteban"]
[Result "1/2-1/2"]
[WhiteElo "1912"]
[BlackElo "2016"]
[PlyCount "48"]
[EventDate "2015.08.15"]
[EventType "swiss"]
[EventRounds "7"]
[EventCountry "ARG"]
[SourceTitle "EXT 2024"]
[Source "ChessBase"]
[SourceDate "2023.10.10"]
[SourceVersion "1"]
[SourceVersionDate "2023.10.10"]
[SourceQuality "1"]

1. c4 e6 2. Nc3 d5 3. cxd5 exd5 4. d4 Nf6 5. Nf3 c6 6. Bg5 Be7 7. e3 h6 8. Bxf6 Bxf6 9. Bd3 0-0 10. b4 a5 11. b5 c5 12. Rc1 cxd4 13. Nxd4 Bxd4 14. exd4 Re8+ 15. Ne2 Nd7 16. 0-0 Nf6 17. Ng3 Bg4 18. Qb3 Qb6 19. h3 Be6 20. Rfd1 Rac8 21. Rxc8 Rxc8 22. Ne2 Qd6 23. Rd2 Qd7 24. Rc2 Bf5 1/2-1/2

[Event "Las Varillas Cup Municipalidad"]
[Site "Las Varillas"]
[Date "2015.08.15"]
[Round "1.12"]
[White "Lugones, Lautaro"]
[Black "Giacomo, Gabriel"]
[Result "1/2-1/2"]
[WhiteElo "1912"]
[BlackElo "1986"]
[PlyCount "152"]
[EventDate "2015.08.15"]
[EventType "swiss"]
[EventRounds "7"]
[EventCountry "ARG"]
[SourceTitle "EXT 2024"]
[Source "ChessBase"]
[SourceDate "2023.10.10"]
[SourceVersion "1"]
[SourceVersionDate "2023.10.10"]
[SourceQuality "1"]

1. c4 e5 2. Nc3 Bc5 3. g3 Nf6 4. Bg2 a6 5. e3 Nc6 6. Nge2 d6 7. d4 Ba7 8. 0-0 0-0 9. a3 Rb8 10. b4 exd4 11. exd4 h6 12. Re1 Re8 13. c5 dxc5 14. dxc5 Qxd1 15. Rxd1 Ne5 16. Bf4 Bg4 17. h3 Bf5 18. Nd4 Bg6 19. Re1 Nd3 20. Rxe8+ Nxe8 21. Nd5 Nxf4 22. Nxf4 c6 23. Re1 Kf8 24. Nde6+ Kg8 25. Nxg6 fxg6 26. Rd1 Kf7 27. Nd8+ Ke7 28. Nxb7 Rxb7 29. Bxc6 Rc7 30. Re1+ Kf6 31. Bxe8 a5 32. c6 axb4 33. axb4 g5 34. b5 Bb6 35. Bd7 Ra7 36. Re2 Ra1+ 37. Kg2 Rc1 38. Kf3 Rb1 39. Rc2 Bc7 40. Rc5 g6 41. Ke4 Rb2 42. f3 Ke7 43. g4 Kd6 44. Rd5+ Ke7 45. Bc8 Bd6 46. c7 Rb1 47. Ke3 Rb3+ 48. Ke2 Rb2+ 49. Kd1 Rb1+ 50. Kc2 Rb4 51. Kc3 Rb1 52. Bf5 Rc1+ 53. Bc2 Bxc7 54. Rc5 Kd7 55. Rc6 Bd6 56. Kb2 Rf1 57. Bxg6 Rf2+ 58. Rc2 Rxf3 59. Bf5+ Kd8 60. b6 Rf4 61. Rc6 Rf2+ 62. Kc3 Ke7 63. b7 Bb8 64. Rc8 Be5+ 65. Kc4 Rb2 66. Kd5 Rb5+ 67. Rc5 Rxc5+ 68. Kxc5 Kf6 69. Kb6 Bb8 70. Kc6 Ke5 71. Kd7 Kf4 72. Kc8 Be5 73. b8Q Bxb8 74. Kxb8 Kg3 75. Kc7 Kxh3 76. Kd6 Kh4 1/2-1/2